Riadenie operačných rizík v krízovom riadení podniku
Včasné odhaľovanie rizikových faktorov, kontrolovanie a prijímanie opatrení na ich elimináciu, obmedzenie vplyvu rizík na podnik a minimalizácia dopadov na dosahovanie podnikových cieľov.
Gespeichert in:
| 1. Verfasser: | |
|---|---|
| Format: | Buchkapitel |
| Sprache: | Slowakisch |
| Schlagworte: | |
| Tags: |
Keine Tags, Fügen Sie das erste Tag hinzu!
|
MARC
| LEADER | 00000naa$a2200000$$$4500 | ||
|---|---|---|---|
| 001 | 0162503 | ||
| 005 | 20240502072820.2 | ||
| 041 | 0 | |a slo | |
| 044 | |a SK | ||
| 245 | 1 | 0 | |a Riadenie operačných rizík v krízovom riadení podniku |c Ján Kráčmar |
| 520 | |a Včasné odhaľovanie rizikových faktorov, kontrolovanie a prijímanie opatrení na ich elimináciu, obmedzenie vplyvu rizík na podnik a minimalizácia dopadov na dosahovanie podnikových cieľov. | ||
| 610 | 2 | 0 | |a manažment krízový |
| 610 | 2 | 0 | |a riadenie rizík |
| 610 | 2 | 0 | |a rozhodovanie manažérske |
| 610 | 2 | 0 | |a procesy podnikové |
| 610 | 2 | 0 | |a riziko operačné |
| 610 | 2 | 0 | |a kontrola riadenia |
| 100 | 1 | |a Kráčmar, Ján | |